[Event "ICS rated blitz match"]
[Site "204.178.125.65"]
[Date "1999.08.30"]
[Round "?"]
[White "Hossa"]
[Black "Nicy"]
[Result "1/2-1/2"]
[WhiteElo "2500"]
[BlackElo "2165"]
[PlyCount "135"]
[EventDate "1999.??.??"]

1. e4 c5 2. Nc3 Nc6 3. f4 g6 4. Nge2 Bg7 5. h4 h5 6. d3 e6 7. g3 Nge7 8. Bg2 b6
9. e5 Bb7 10. Bd2 d5 11. exd6 Qxd6 12. Ne4 Qc7 13. Bc3 O-O 14. Bxg7 Kxg7 15.
O-O Rad8 16. c3 Nb8 17. Re1 Nd7 18. Qa4 a6 19. d4 b5 20. Qa3 Bxe4 21. Bxe4 Qb6
22. b4 c4 23. Bg2 Nf6 24. Qb2 Ned5 25. a4 Rfe8 26. axb5 axb5 27. Qd2 Re7 28.
Ra2 Ra7 29. Rxa7 Qxa7 30. Qb2 Ra8 31. Qc1 Qa3 32. Qd2 Qa2 33. Qd1 Ra3 34. f5
exf5 35. Qc1 Qb3 36. Kf1 Nxc3 37. Nxc3 Qxc3 38. Qxc3 Rxc3 39. Bc6 Rd3 40. Bxb5
Rxd4 41. Bc6 c3 42. b5 c2 43. Ke2 Ne4 44. Rc1 Nxg3+ 45. Kf2 Ne4+ 46. Ke3 Rc4
47. Kd3 Rc5 48. Rxc2 Rxc2 49. Kxc2 Nd6 50. b6 Kf6 51. Kc3 Ke5 52. Kb4 f6 53. b7
Nxb7 54. Bxb7 g5 55. Bf3 gxh4 56. Bxh5 Kd4 57. Be8 f4 58. Bh5 Ke3 59. Bg4 f3
60. Bh3 f2 61. Bf1 f5 62. Kc3 f4 63. Kc4 f3 64. Kd5 h3 65. Bxh3 Ke2 66. Ke4
f1=Q 67. Bxf1+ Kxf1 68. Kxf3 {
Game drawn because neither player has mating material} 1/2-1/2

[Event "ICS rated blitz match"]
[Site "204.178.125.65"]
[Date "1999.09.16"]
[Round "?"]
[White "Hossa"]
[Black "Nicy"]
[Result "1-0"]
[WhiteElo "2412"]
[BlackElo "2187"]
[PlyCount "109"]
[EventDate "1999.??.??"]

1. d4 d5 2. c4 e6 3. Nc3 f5 4. Bf4 Nf6 5. e3 c6 6. cxd5 exd5 7. Bd3 Bd6 8. Bxd6
Qxd6 9. Nge2 Be6 10. O-O Nbd7 11. Ng3 g6 12. Qb3 Rb8 13. Qa4 Ra8 14. Rac1 O-O
15. Nge2 Ne4 16. f3 Nef6 17. a3 a6 18. Qb3 Kg7 19. Na4 Rab8 20. Nc5 Nxc5 21.
Rxc5 Qd7 22. Nf4 Rbe8 23. Qb6 Re7 24. Rc3 Kf7 25. b4 Kg7 26. a4 Qd8 27. Nxe6+
Rxe6 28. Qxb7+ Rf7 29. Qxa6 Qd6 30. Bc2 Qxb4 31. Qd3 Qd6 32. Bb3 Ra7 33. Rfc1
Qd7 34. Rb1 Ne8 35. Rb2 Nd6 36. Qc2 Nb7 37. Qd2 Na5 38. Ba2 Kf6 39. Rb6 Rb7 40.
Ra6 Ra7 41. Rxa7 Qxa7 42. Rc2 Qb6 43. Rc5 Nb7 44. Rc1 Nd8 45. a5 Qa6 46. Ra1
Nb7 47. Bb1 Nd6 48. Ra3 Nb5 49. Bd3 Re8 50. Qb4 Rb8 51. Qc5 Ke6 52. e4 fxe4 53.
fxe4 dxe4 54. Qe5+ Kd7 55. Qxb8 {Nicy resigns} 1-0

[Event "ICS rated blitz match"]
[Site "204.178.125.65"]
[Date "1999.09.08"]
[Round "?"]
[White "Hossa"]
[Black "Nicy"]
[Result "1-0"]
[WhiteElo "2437"]
[BlackElo "2124"]
[PlyCount "26"]
[EventDate "1999.??.??"]

1. e4 c5 2. Nf3 Nc6 3. Bb5 g6 4. d3 Bg7 5. O-O d6 6. Nc3 e6 7. d4 cxd4 8. Nxd4
Bd7 9. Nde2 Qc7 10. Bf4 e5 11. Nd5 Qd8 12. Be3 Nge7 13. Bg5 13... Qc8 {
Nicy resigns} 1-0

[Event "ICS rated blitz match"]
[Site "204.178.125.65"]
[Date "1999.09.08"]
[Round "?"]
[White "Hossa"]
[Black "Nicy"]
[Result "1-0"]
[WhiteElo "2453"]
[BlackElo "2128"]
[PlyCount "53"]
[EventDate "1999.??.??"]

1. e4 c5 2. Nf3 Nc6 3. Bb5 g6 4. d3 Bg7 5. O-O d6 6. Nc3 Bd7 7. Bg5 Nf6 8. Qd2
O-O 9. Bxc6 Bxc6 10. Bh6 e5 11. Bxg7 Kxg7 12. Qg5 Ng8 13. Qg3 Qe7 14. Rfe1 f6
15. a4 Rf7 16. Ne2 Raf8 17. c4 Nh6 18. b3 a5 19. Nc3 b6 20. Rac1 f5 21. Ng5 Rf6
22. Nd5 Bxd5 23. exd5 f4 24. Qh3 Rf5 25. Ne6+ Kg8 26. Qxh6 Rb8 27. Nxf4 {
Nicy resigns} 1-0

[Event "ICS rated blitz match"]
[Site "204.178.125.65"]
[Date "1999.09.08"]
[Round "?"]
[White "Hossa"]
[Black "Nicy"]
[Result "1-0"]
[WhiteElo "2501"]
[BlackElo "2104"]
[PlyCount "37"]
[EventDate "1999.??.??"]

1. e4 c5 2. Nf3 Nc6 3. Bb5 g6 4. d3 Bg7 5. O-O e6 6. Bg5 Qc7 7. Nc3 Nge7 8.
Bxc6 Nxc6 9. Nb5 Qb6 10. Nd6+ Kf8 11. Nc4 Qc7 12. Be3 b6 13. Qc1 Bb7 14. Bf4 e5
15. Bh6 d6 16. Qg5 Rd8 17. Qf6 Rg8 18. Ng5 Bxh6 19. Ne6+ {Nicy resigns} 1-0

[Event "ICS rated blitz match"]
[Site "204.178.125.65"]
[Date "1999.09.02"]
[Round "?"]
[White "Hossa"]
[Black "Nicy"]
[Result "1-0"]
[WhiteElo "2530"]
[BlackElo "2224"]
[PlyCount "55"]
[EventDate "1999.??.??"]

1. e4 c5 2. Nf3 Nc6 3. d4 cxd4 4. Nxd4 g6 5. Nxc6 bxc6 6. Bd3 Bg7 7. O-O d6 8.
Nc3 Nf6 9. Rb1 O-O 10. Bg5 Qc7 11. Qd2 Re8 12. a4 e6 13. Rfd1 d5 14. Bf4 Qe7
15. Bh6 Bh8 16. exd5 cxd5 17. Be2 Bd7 18. Bf3 Rec8 19. a5 Qc5 20. Qg5 Qxa5 21.
Re1 Qc5 22. Ra1 Rab8 23. Ra2 Rb7 24. Rea1 Rcb8 25. Qc1 Bb5 26. Bf4 Rc8 27. Be3
d4 28. Bxd4 {Nicy resigns} 1-0

[Event "ICS rated blitz match"]
[Site "204.178.125.65"]
[Date "1999.09.02"]
[Round "?"]
[White "Hossa"]
[Black "Nicy"]
[Result "1-0"]
[WhiteElo "2538"]
[BlackElo "2216"]
[PlyCount "64"]
[EventDate "1999.??.??"]

1. e4 c5 2. Nf3 Nc6 3. d4 cxd4 4. Nxd4 g6 5. Nxc6 bxc6 6. Bd3 Bg7 7. O-O Nf6 8.
Nc3 O-O 9. e5 Nd5 10. Nxd5 cxd5 11. Re1 e6 12. c4 Bb7 13. cxd5 Bxd5 14. Be4
Bxe4 15. Rxe4 Qc7 16. Bf4 Rfd8 17. Qe1 Rac8 18. Bg5 Re8 19. Rd1 Bf8 20. Red4
Qb6 21. Rxd7 Qxb2 22. Rxa7 Ra8 23. Bc1 Qc2 24. Rxa8 Rxa8 25. a3 Bxa3 26. Bxa3
Rxa3 27. Rc1 Qd3 28. Qb4 Ra8 29. Qf4 Qd7 30. Kh1 Rd8 31. Rg1 Qd2 32. Qf6 32...
Qb4 {Nicy resigns} 1-0

[Event "ICS rated blitz match"]
[Site "204.178.125.65"]
[Date "1999.09.16"]
[Round "?"]
[White "Hossa"]
[Black "Nicy"]
[Result "1-0"]
[WhiteElo "2386"]
[BlackElo "2246"]
[PlyCount "23"]
[EventDate "1999.??.??"]

1. e4 c5 2. d4 cxd4 3. Nf3 Nc6 4. Nxd4 g6 5. Nc3 Bg7 6. Be3 Nf6 7. Be2 O-O 8.
O-O d5 9. exd5 Nxd5 10. Nxd5 Qxd5 11. Bf3 Qe6 12. Nxe6 {Nicy resigns} 1-0

[Event "ICS rated blitz match"]
[Site "204.178.125.65"]
[Date "1999.09.08"]
[Round "?"]
[White "Hossa"]
[Black "Nicy"]
[Result "1-0"]
[WhiteElo "2461"]
[BlackElo "2120"]
[PlyCount "60"]
[EventDate "1999.??.??"]

1. e4 c5 2. Nf3 Nc6 3. Bb5 g6 4. d3 Bg7 5. O-O Qc7 6. Nc3 e6 7. Bxc6 Qxc6 8. e5
d5 9. exd6 Qxd6 10. Ne4 Qc6 11. Nfd2 b6 12. Nc4 Ne7 13. Bg5 Nf5 14. Nf6+ Kf8
15. Ne5 Qc7 16. Qf3 Bb7 17. Qf4 Qc8 18. Qa4 h6 19. Nfd7+ Kg8 20. Bf6 Bxf6 21.
Nxf6+ Kg7 22. Ne4 Bxe4 23. dxe4 Ne7 24. Rad1 Rd8 25. Qc4 Qc7 26. Qc3 Kg8 27.
Ng4 h5 28. Rxd8+ Rxd8 29. Nh6+ Kh7 30. Nxf7 30... Rf8 {Nicy resigns} 1-0

[Event "ICS rated blitz match"]
[Site "204.178.125.65"]
[Date "1999.09.03"]
[Round "?"]
[White "Hossa"]
[Black "Nicy"]
[Result "1-0"]
[WhiteElo "2502"]
[BlackElo "2197"]
[PlyCount "31"]
[EventDate "1999.??.??"]

1. e4 c5 2. Nf3 Nc6 3. d4 cxd4 4. Nxd4 g6 5. c4 Nf6 6. Nxc6 bxc6 7. Bd3 d6 8.
O-O Bg7 9. Nc3 O-O 10. Bg5 Be6 11. Rc1 Qc7 12. b3 Rac8 13. Qe2 Rfe8 14. Rc2 Nd7
15. Nd5 Qb7 16. Nxe7+ {Nicy resigns} 1-0

[Event "ICS rated blitz match"]
[Site "204.178.125.65"]
[Date "1999.09.08"]
[Round "?"]
[White "Hossa"]
[Black "Nicy"]
[Result "1/2-1/2"]
[WhiteElo "2499"]
[BlackElo "2133"]
[PlyCount "83"]
[EventDate "1999.??.??"]

1. e4 c6 2. Nc3 d5 3. Nf3 Bg4 4. Be2 e6 5. exd5 cxd5 6. O-O Nf6 7. Ne5 Bxe2 8.
Nxe2 Nbd7 9. d4 Be7 10. c4 dxc4 11. Nxc4 O-O 12. Bg5 Nd5 13. Bxe7 Qxe7 14. Rc1
Rac8 15. Qb3 N7b6 16. Nxb6 Nxb6 17. Rfe1 Qd7 18. Qa3 a6 19. Qf3 Nd5 20. Qh5
Rxc1 21. Rxc1 Rc8 22. Rxc8+ Qxc8 23. Qe5 Qc7 24. f4 Qxe5 25. dxe5 Kf8 26. g4
Ke7 27. Kf2 g6 28. g5 Kd7 29. Kf3 Ne7 30. Nd4 Nf5 31. Nxf5 exf5 32. h4 Kc6 33.
Ke2 Kc5 34. Kd3 Kd5 35. b4 b6 36. a4 a5 37. b5 Kc5 38. Kc3 Kd5 39. Kd3 Kc5 40.
Kc3 Kd5 41. Kd3 Kc5 42. Kc3 {Game drawn by repetition} 1/2-1/2

[Event "ICS rated blitz match"]
[Site "204.178.125.65"]
[Date "1999.09.01"]
[Round "?"]
[White "Hossa"]
[Black "Nicy"]
[Result "1-0"]
[WhiteElo "2519"]
[BlackElo "2184"]
[PlyCount "53"]
[EventDate "1999.??.??"]

1. d4 d5 2. c4 e6 3. Nc3 f5 4. Bf4 Nf6 5. e3 c6 6. cxd5 exd5 7. Bd3 Bd6 8. Bxd6
Qxd6 9. Nge2 O-O 10. b3 Be6 11. Rc1 Nbd7 12. a4 Ne4 13. O-O Ndf6 14. f3 Nxc3
15. Rxc3 Rae8 16. Qc2 g6 17. Rc1 Bd7 18. Qd2 Re7 19. Nf4 Rfe8 20. Bf1 Kg7 21.
Qf2 Be6 22. a5 a6 23. Rd3 Bd7 24. Rc5 Rd8 25. Qg3 Ne8 26. Qg5 Qf6 27. Nh5+ {
Nicy resigns} 1-0

[Event "ICS rated blitz match"]
[Site "204.178.125.65"]
[Date "1999.09.02"]
[Round "?"]
[White "Hossa"]
[Black "Nicy"]
[Result "1-0"]
[WhiteElo "2525"]
[BlackElo "2208"]
[PlyCount "45"]
[EventDate "1999.??.??"]

1. e4 c5 2. Nf3 Nc6 3. d4 cxd4 4. Nxd4 g6 5. Nxc6 dxc6 6. Qxd8+ Kxd8 7. Bd2 Bg7
8. Nc3 Be6 9. O-O-O Ke8 10. b3 Rd8 11. Ne2 Nf6 12. f3 Rd7 13. g4 Kd8 14. Nf4
Kc8 15. Nxe6 fxe6 16. Bc4 e5 17. Be6 Rhd8 18. g5 Ne8 19. Be3 b6 20. Rxd7 Rxd7
21. c4 Kc7 22. Bxd7 Kxd7 23. h4 {Nicy resigns} 1-0

[Event "ICS rated blitz match"]
[Site "204.178.125.65"]
[Date "1999.09.08"]
[Round "?"]
[White "Hossa"]
[Black "Nicy"]
[Result "1-0"]
[WhiteElo "2491"]
[BlackElo "2114"]
[PlyCount "89"]
[EventDate "1999.??.??"]

1. e4 c5 2. Nf3 Nc6 3. Bb5 d6 4. d4 cxd4 5. Nxd4 Bd7 6. O-O g6 7. Bxc6 bxc6 8.
Nc3 Bg7 9. Bg5 Nf6 10. Qd2 O-O 11. Bh6 Qc7 12. Rad1 Rad8 13. Bxg7 Kxg7 14. Qg5
h6 15. Qh4 c5 16. Nb3 Bc6 17. f3 Bb7 18. Rfe1 Nh7 19. Rd2 Rd7 20. Red1 Rfd8 21.
Nb5 Qb6 22. c4 a6 23. Nc3 Qc6 24. Na5 Qb6 25. Nxb7 Qxb7 26. b3 Nf6 27. Qf4 Qc6
28. Rd3 Ne8 29. Re3 e5 30. Qh4 Nc7 31. Re2 Ne6 32. Nd5 g5 33. Qg4 Nd4 34. Red2
f6 35. Kh1 Rf7 36. Re1 Rdf8 37. Rdd1 f5 38. exf5 Nxf5 39. f4 exf4 40. Nxf4 Re8
41. Nd5 Nd4 42. Kg1 Rff8 43. Ne7 Qc7 44. Qe4 Qd7 45. Qg6+ {Nicy resigns} 1-0

[Event "ICS rated blitz match"]
[Site "204.178.125.65"]
[Date "1999.09.20"]
[Round "?"]
[White "Hossa"]
[Black "Njall"]
[Result "1-0"]
[WhiteElo "2361"]
[BlackElo "2244"]
[PlyCount "35"]
[EventDate "1999.??.??"]

1. e4 Nf6 2. e5 Nd5 3. d4 d6 4. Nf3 g6 5. Bb5+ c6 6. Be2 Bg7 7. c4 Nc7 8. O-O
O-O 9. exd6 exd6 10. Re1 Re8 11. Nc3 Bg4 12. Bg5 f6 13. Bf4 Nba6 14. d5 cxd5
15. Nxd5 Ne6 16. Bxd6 Rc8 17. Ne3 Nac5 18. Nxg4 {Njall resigns} 1-0

[Event "ICS rated blitz match"]
[Site "204.178.125.65"]
[Date "1999.10.15"]
[Round "?"]
[White "Hossa"]
[Black "Njall"]
[Result "1-0"]
[WhiteElo "2421"]
[BlackElo "2246"]
[PlyCount "89"]
[EventDate "1999.??.??"]

1. c4 c6 2. e4 d5 3. exd5 cxd5 4. d4 Nf6 5. Nc3 e6 6. Nf3 Be7 7. Bd3 O-O 8. O-O
Nc6 9. Bg5 dxc4 10. Bxc4 b6 11. Rc1 Bb7 12. Bb5 Nb4 13. Ne5 a6 14. Ba4 b5 15.
Bb3 Ne4 16. Bxe7 Qxe7 17. Nxe4 Bxe4 18. Re1 Bd5 19. Bxd5 Nxd5 20. Re2 Rfc8 21.
Rec2 Rxc2 22. Qxc2 h6 23. Qc6 Qa7 24. a3 Rf8 25. Qc5 Qxc5 26. dxc5 Rc8 27. b4
f6 28. Nf3 Kf7 29. h4 g5 30. hxg5 hxg5 31. Nd4 e5 32. Nf5 Ke6 33. g4 a5 34.
bxa5 Ra8 35. c6 Nc7 36. Rd1 Nd5 37. c7 e4 38. Rxd5 Kxd5 39. Ne7+ Kd6 40. c8=Q
Rxc8 41. Nxc8+ Kc7 42. Na7 Kb7 43. Nxb5 Ka6 44. Nc3 Kxa5 45. Nxe4 {
Njall resigns} 1-0

[Event "ICS rated blitz match"]
[Site "204.178.125.65"]
[Date "1999.10.11"]
[Round "?"]
[White "Hossa"]
[Black "Njall"]
[Result "1-0"]
[WhiteElo "2429"]
[BlackElo "2239"]
[PlyCount "113"]
[EventDate "1999.??.??"]

1. e4 c6 2. d4 d5 3. exd5 cxd5 4. c4 Nf6 5. Nc3 e6 6. Bg5 Be7 7. cxd5 Nxd5 8.
Bxe7 Qxe7 9. Nf3 Nxc3 10. bxc3 O-O 11. Bd3 b6 12. Qc2 h6 13. Bh7+ Kh8 14. Be4
Bb7 15. Bxb7 Qxb7 16. O-O Nd7 17. c4 Rac8 18. Rfe1 Rc7 19. Qe2 Qa6 20. Nd2 Rfc8
21. Qh5 Nf6 22. Qf3 Rd7 23. Qd3 Rcd8 24. Nf3 Rc7 25. Ne5 Qb7 26. Re2 Kg8 27.
Rb1 Qc8 28. f4 Nd7 29. Rc1 Nxe5 30. fxe5 Rcd7 31. Re4 Qc5 32. Rd1 Qa5 33. a3
Qa4 34. Rb1 Qa6 35. Rb4 Qb7 36. Rf4 Qc7 37. Qe3 a5 38. Rb1 Qxc4 39. Rc1 Qa4 40.
Rcf1 Qc6 41. Qg3 Qc2 42. Rg4 Qh7 43. Qb3 Rb8 44. Qb5 Rd5 45. Qa6 Rbd8 46. Rgf4
Qg6 47. Rxf7 Rxd4 48. Qxb6 Rd2 49. R7f2 Rxf2 50. Qxd8+ Kh7 51. Rxf2 Qe4 52.
Qxa5 Qb1+ 53. Rf1 Qd3 54. Qb6 Qd5 55. Qd6 Qb3 56. h3 Qd3 57. Qxd3+ {
Njall resigns} 1-0

[Event "ICS rated blitz match"]
[Site "204.178.125.65"]
[Date "1999.10.11"]
[Round "?"]
[White "Hossa"]
[Black "Njall"]
[Result "1-0"]
[WhiteElo "2411"]
[BlackElo "2257"]
[PlyCount "103"]
[EventDate "1999.??.??"]

1. e4 e5 2. Bc4 Nc6 3. d3 Nf6 4. Nf3 d5 5. exd5 Nxd5 6. Bb5 Bd6 7. Bxc6+ bxc6
8. O-O O-O 9. Nbd2 f5 10. Re1 Re8 11. Nc4 Qf6 12. Bg5 Qg6 13. Qd2 e4 14. dxe4
fxe4 15. Nd4 Bd7 16. Rad1 h6 17. Be3 Bg4 18. Nxc6 Nxe3 19. Nxe3 Bxd1 20. Qd5+
Qf7 21. Qxf7+ Kxf7 22. Rxd1 Ke6 23. b4 Kd7 24. b5 a6 25. a4 axb5 26. axb5 Ra2
27. Kf1 Rea8 28. Ke2 Rb2 29. Nd4 Raa2 30. Nef5 Bf8 31. Ke3 g6 32. Nh4 Bc5 33.
Kxe4 Ra4 34. Nxg6 Bxd4 35. Ne5+ Ke6 36. Rxd4 Rxd4+ 37. Kxd4 Rxc2 38. Nd3 Kf5
39. h4 Kg4 40. g3 Kf3 41. Ne1+ Kxf2 42. Nxc2 Kxg3 43. Ne3 Kxh4 44. Nd5 Kg3 45.
Nxc7 h5 46. b6 h4 47. Nd5 h3 48. b7 h2 49. b8=Q+ Kg2 50. Ne3+ Kg1 51. Qg3+ Kh1
52. Qg2# {Njall checkmated} 1-0

[Event "ICS rated blitz match"]
[Site "204.178.125.65"]
[Date "1999.10.11"]
[Round "?"]
[White "Hossa"]
[Black "Njall"]
[Result "0-1"]
[WhiteElo "2444"]
[BlackElo "2224"]
[PlyCount "138"]
[EventDate "1999.??.??"]

1. e4 c6 2. d4 d5 3. exd5 cxd5 4. c4 Nf6 5. Nc3 e6 6. Bg5 Be7 7. cxd5 Nxd5 8.
Bxe7 Nxe7 9. Nf3 Nbc6 10. Bb5 O-O 11. Bxc6 Nxc6 12. O-O b6 13. Rc1 Bb7 14. Re1
Nb4 15. a3 Nd5 16. Ne4 Rc8 17. Rxc8 Qxc8 18. Qd3 Ba6 19. Qb3 Qc4 20. Qxc4 Bxc4
21. Ne5 Bb5 22. Nd6 Ba4 23. h4 h6 24. g3 f6 25. Ng6 Rd8 26. Rxe6 Bd7 27. Re1
Ba4 28. Nf5 Bc2 29. Nge7+ Nxe7 30. Nxe7+ Kf7 31. Nc6 Rd7 32. Nb4 Ba4 33. Re4 a5
34. Nd3 Bc2 35. Re3 Rxd4 36. Ne1 Ba4 37. Nf3 Rd1+ 38. Kg2 Bc6 39. h5 Rd2 40. b3
Rb2 41. Rd3 Ke6 42. g4 f5 43. gxf5+ Kxf5 44. Kg3 Bxf3 45. Kxf3 Ke5 46. Kg3 b5
47. f3 b4 48. axb4 axb4 49. Kh3 Rc2 50. Kg4 Rc3 51. f4+ Ke6 52. Rf3 Kf6 53. Rg3
Rxg3+ 54. Kxg3 g6 55. Kf3 gxh5 56. Ke4 h4 57. Kd5 h3 58. Kc5 h2 59. Kd4 h1=Q
60. Ke3 Qc1+ 61. Kd4 Qc3+ 62. Ke4 h5 63. Kd5 Qxb3+ 64. Kd4 Qc3+ 65. Ke4 b3 66.
Kd5 b2 67. Kd6 b1=Q 68. Kd7 Qb7+ 69. Ke8 69... Qcc8# {Hossa checkmated} 0-1

[Event "ICS rated blitz match"]
[Site "204.178.125.65"]
[Date "1999.10.15"]
[Round "?"]
[White "Hossa"]
[Black "Njall"]
[Result "1/2-1/2"]
[WhiteElo "2452"]
[BlackElo "2215"]
[PlyCount "101"]
[EventDate "1999.??.??"]

1. c4 c6 2. e4 d5 3. exd5 cxd5 4. d4 Nf6 5. Nc3 e6 6. Nf3 Be7 7. Bd3 O-O 8. O-O
Nc6 9. Bg5 b6 10. Re1 dxc4 11. Bxc4 Na5 12. Bd3 Bb7 13. Ne5 Rc8 14. Qa4 a6 15.
Rac1 b5 16. Qd1 h6 17. Bxf6 Bxf6 18. a3 Nc6 19. Be4 Qd6 20. Bxc6 Bxc6 21. Nxc6
Rxc6 22. Ne4 Rxc1 23. Nxf6+ gxf6 24. Qg4+ Kh8 25. Rxc1 Rg8 26. Qh4 Rg6 27. Qe4
f5 28. Qe5+ Qxe5 29. dxe5 Rg4 30. Rc6 Re4 31. Kf1 Rxe5 32. Rxa6 Rc5 33. g3 Rc2
34. b4 Ra2 35. Ra5 Kg7 36. Rxb5 Rxa3 37. Ra5 Rb3 38. b5 Kf6 39. Kg2 h5 40. h4
f4 41. gxf4 Kf5 42. f3 Kxf4 43. Ra4+ Kf5 44. Ra5 e5 45. Ra6 f6 46. Rb6 Rb2+ 47.
Kg3 Rb3 48. Kg2 Rb2+ 49. Kg3 Rb3 50. Kg2 Rb2+ 51. Kg3 {Game drawn by repetition
} 1/2-1/2

[Event "ICS rated blitz match"]
[Site "204.178.125.65"]
[Date "1999.09.12"]
[Round "?"]
[White "Hossa"]
[Black "Njall"]
[Result "1-0"]
[WhiteElo "2510"]
[BlackElo "2252"]
[PlyCount "31"]
[EventDate "1999.??.??"]

1. d4 d5 2. c4 dxc4 3. Nf3 c6 4. e3 b5 5. Ne5 Nf6 6. b3 cxb3 7. axb3 e6 8. Be2
Bb7 9. O-O Nbd7 10. f4 Nxe5 11. fxe5 Nd7 12. Bh5 g6 13. Bf3 Qb6 14. Bd2 c5 15.
Ba5 Bxf3 16. Qxf3 {Njall resigns} 1-0

[Event "ICS rated blitz match"]
[Site "204.178.125.65"]
[Date "1999.09.12"]
[Round "?"]
[White "Hossa"]
[Black "Njall"]
[Result "1-0"]
[WhiteElo "2497"]
[BlackElo "2265"]
[PlyCount "85"]
[EventDate "1999.??.??"]

1. d4 Nf6 2. c4 g6 3. Nc3 Bg7 4. e4 d6 5. Nf3 O-O 6. Be2 e5 7. O-O Nc6 8. d5
Ne7 9. Bg5 h6 10. Bh4 g5 11. Bg3 Nh5 12. b3 f5 13. Nd2 Nxg3 14. fxg3 f4 15.
gxf4 exf4 16. Qc2 Ng6 17. Bh5 Qf6 18. Nb5 Rf7 19. e5 Nxe5 20. Ne4 Qe7 21. Bxf7+
Qxf7 22. Rae1 Bf5 23. Nd4 Bg6 24. Qe2 Re8 25. Ne6 Bh8 26. N4xg5 hxg5 27. Nxg5
Qf5 28. Ne6 Nd3 29. Rd1 c6 30. Qd2 cxd5 31. Nc7 Bd4+ 32. Kh1 Be3 33. Qe2 Re5
34. Nxd5 Nc5 35. Qf3 Bh5 36. g4 Bxg4 37. Qxg4+ Qxg4 38. Nf6+ Kg7 39. Nxg4 Re4
40. Nxe3 fxe3 41. Rf3 e2 42. Rg1+ Kh7 43. Rh3+ {Njall resigns} 1-0

[Event "ICS rated blitz match"]
[Site "204.178.125.65"]
[Date "1999.10.15"]
[Round "?"]
[White "Hossa"]
[Black "Njall"]
[Result "1-0"]
[WhiteElo "2438"]
[BlackElo "2229"]
[PlyCount "47"]
[EventDate "1999.??.??"]

1. c4 c6 2. e4 d5 3. exd5 cxd5 4. d4 Nf6 5. Nc3 e6 6. Nf3 Be7 7. Bd3 O-O 8. O-O
Nc6 9. Bg5 dxc4 10. Bxc4 b6 11. Rc1 Na5 12. Bb5 Bb7 13. Ne5 a6 14. Be2 Rc8 15.
Re1 b5 16. Bd3 Nc6 17. Nxc6 Bxc6 18. Qc2 h6 19. Be3 b4 20. Bxa6 bxc3 21. Bxc8
Qxc8 22. Qxc3 Bd5 23. Qxc8 Rxc8 24. Rxc8+ {Njall resigns} 1-0

[Event "ICS rated blitz match"]
[Site "204.178.125.65"]
[Date "1999.10.12"]
[Round "?"]
[White "Hossa"]
[Black "Njall"]
[Result "1-0"]
[WhiteElo "2434"]
[BlackElo "2232"]
[PlyCount "73"]
[EventDate "1999.??.??"]

1. e4 c6 2. Nc3 d5 3. Qf3 dxe4 4. Nxe4 Nd7 5. d4 Ngf6 6. Bg5 Nxe4 7. Qxe4 Qa5+
8. Bd2 Qb6 9. O-O-O Nf6 10. Qe5 Be6 11. Ba5 Nd7 12. Qe1 Bxa2 13. Bxb6 axb6 14.
b3 e6 15. Kb2 Ba3+ 16. Kc3 c5 17. Kd3 b5 18. dxc5 Bxc5 19. Nf3 O-O 20. Ke2 Nf6
21. Ng5 h6 22. Nh3 Rfc8 23. Kf3 g5 24. g4 Nd5 25. Bxb5 Bb4 26. Qe4 Rc3+ 27. Bd3
Kf8 28. Qh7 Ke7 29. Qxh6 Rg8 30. Nxg5 Bd6 31. Ne4 Be5 32. Nxc3 Nxc3 33. Rde1
Bf6 34. Qf4 Nd5 35. Qc4 Ra8 36. Qc5+ Kd8 37. Qf8+ {Njall resigns} 1-0

[Event "ICS rated blitz match"]
[Site "204.178.125.65"]
[Date "1999.09.24"]
[Round "?"]
[White "Hossa"]
[Black "NoCalDoc"]
[Result "1-0"]
[WhiteElo "2441"]
[BlackElo "2162"]
[PlyCount "123"]
[EventDate "1999.??.??"]

1. e4 d6 2. d4 g6 3. Bb5+ Bd7 4. Bxd7+ Nxd7 5. Ne2 Bg7 6. Be3 c6 7. Nd2 Ngf6 8.
Bg5 O-O 9. O-O Rc8 10. c3 c5 11. Qa4 a6 12. Qb3 b5 13. Rfc1 c4 14. Qb4 Qb6 15.
Bxf6 Nxf6 16. Rd1 Bh6 17. f3 Nd7 18. f4 a5 19. Qa3 b4 20. cxb4 axb4 21. Qh3
Bxf4 22. Qxd7 Be3+ 23. Kh1 Bxd4 24. Nxd4 Qxd4 25. Qxe7 Rce8 26. Qd7 Rd8 27. Qa4
d5 28. exd5 Rxd5 29. Qxb4 Rfd8 30. Nf1 Qxd1 31. Rxd1 Rxd1 32. Qxc4 Ra1 33. Qf4
Rdd1 34. Kg1 Kg7 35. Qe5+ Kg8 36. Qb5 Rxa2 37. Qb8+ Kg7 38. Qe5+ Kg8 39. Qe8+
Kg7 40. b4 Raa1 41. Qe5+ Kg8 42. Qe2 Rab1 43. Kf2 Rdc1 44. Qe8+ Kg7 45. Qe5+
Kg8 46. Qb8+ Kg7 47. Ne3 Rb2+ 48. Kf3 Rcb1 49. Qe5+ Kg8 50. Nd5 Rb3+ 51. Kf4
Rf1+ 52. Kg4 Rxb4+ 53. Nxb4 Rf5 54. Qe8+ Kg7 55. Nc6 h5+ 56. Kh4 Rf4+ 57. Kg3
Rg4+ 58. Kh3 Rc4 59. Qe5+ Kg8 60. Qf6 Rh4+ 61. Kxh4 Kf8 62. Qh8# {
NoCalDoc checkmated} 1-0

[Event "ICS rated blitz match"]
[Site "204.178.125.65"]
[Date "1999.10.18"]
[Round "?"]
[White "Hossa"]
[Black "NonWimp"]
[Result "0-1"]
[WhiteElo "2506"]
[BlackElo "2773"]
[PlyCount "73"]
[EventDate "1999.??.??"]

1. e4 e5 2. Nf3 Nc6 3. Bb5 a6 4. Ba4 Nf6 5. O-O Nxe4 6. d4 b5 7. Bb3 d5 8. dxe5
Be6 9. c3 Bc5 10. Nbd2 O-O 11. Bc2 f5 12. Nb3 Bb6 13. Bf4 Qd7 14. Nbd4 Nxd4 15.
Nxd4 c5 16. Nxe6 Qxe6 17. Bb3 Rad8 18. Qc1 c4 19. Bd1 d4 20. Bf3 dxc3 21. bxc3
Ba5 22. Bxe4 fxe4 23. f3 Rd3 24. fxe4 Bxc3 25. Rb1 Qc6 26. Bg3 Qb6+ 27. Bf2
Rxf2 28. Rxf2 Rd2 29. Qxd2 Bxd2 30. Kf1 c3 31. Rd1 Qd4 32. Rfxd2 cxd2 33. h4 b4
34. h5 Qc4+ 35. Kf2 Qxa2 36. Ke3 b3 37. Rxd2 {Hossa resigns} 0-1

[Event "ICS rated blitz match"]
[Site "204.178.125.65"]
[Date "1999.09.21"]
[Round "?"]
[White "Hossa"]
[Black "OSOWR"]
[Result "1-0"]
[WhiteElo "2384"]
[BlackElo "2029"]
[PlyCount "55"]
[EventDate "1999.??.??"]

1. e4 c5 2. Nf3 Nc6 3. Bb5 g6 4. c3 Bg7 5. d4 cxd4 6. cxd4 a6 7. Bxc6 dxc6 8.
Nc3 Nf6 9. O-O O-O 10. Bf4 Bg4 11. Be5 Qb6 12. Rb1 Rfd8 13. Qe2 Rac8 14. Qe3
Qa5 15. b4 Qb6 16. Ng5 h6 17. Nf3 Bxf3 18. Qxf3 Nh5 19. Bxg7 Nxg7 20. d5 Qd4
21. dxc6 Rxc6 22. Rfd1 Qxc3 23. Rxd8+ Kh7 24. Qxf7 Qc1+ 25. Rd1 Qg5 26. a4 h5
27. b5 Rc4 28. Qxc4 {OSOWR resigns} 1-0

[Event "ICS rated blitz match"]
[Site "204.178.125.65"]
[Date "1999.09.18"]
[Round "?"]
[White "Hossa"]
[Black "Oystein"]
[Result "1-0"]
[WhiteElo "2482"]
[BlackElo "2235"]
[PlyCount "119"]
[EventDate "1999.??.??"]

1. e4 c5 2. Nf3 d6 3. d4 cxd4 4. Nxd4 Nf6 5. Nc3 g6 6. Bc4 Bg7 7. h3 O-O 8. Bb3
a6 9. O-O b5 10. Bg5 Bb7 11. Bxf6 Bxf6 12. Bd5 Qc8 13. a4 b4 14. Bxb7 Qxb7 15.
Nd5 Bg7 16. a5 e6 17. Nb6 Ra7 18. Re1 Nd7 19. Nxd7 Qxd7 20. Qd3 Rc8 21. Re2
Rac7 22. Nf3 Qc6 23. Ra2 Qc4 24. Qxc4 Rxc4 25. Ne1 R8c5 26. b3 Rc3 27. Nd3 Rb5
28. Ra4 Rcc5 29. Nxc5 dxc5 30. Rd2 Rb8 31. Rd7 Ra8 32. g4 Bc3 33. h4 h6 34. f4
Kf8 35. Kf2 Ke8 36. Rb7 Kf8 37. Kf3 Kg8 38. Rc7 Kg7 39. Rxc5 Ra7 40. Rc6 Kf6
41. e5+ Ke7 42. Rb6 Kd7 43. Raxb4 Bxb4 44. Rxb4 Kc6 45. Rb6+ Kc7 46. Rd6 Ra8
47. g5 hxg5 48. hxg5 Ra7 49. b4 Ra8 50. c3 Ra7 51. Ke3 Kc8 52. Kd4 Kc7 53. c4
Rb7 54. Kc5 Ra7 55. Rc6+ Kd7 56. Kb6 Ra8 57. Kb7 Rh8 58. Rc7+ Kd8 59. Rc8+ Kd7
60. Rxh8 {Oystein resigns} 1-0

[Event "ICS rated blitz match"]
[Site "204.178.125.65"]
[Date "1999.10.14"]
[Round "?"]
[White "Hossa"]
[Black "Oystein"]
[Result "0-1"]
[WhiteElo "2385"]
[BlackElo "2214"]
[PlyCount "62"]
[EventDate "1999.??.??"]

1. g3 e5 2. Bg2 f5 3. Nf3 d6 4. d4 e4 5. Nfd2 Nf6 6. O-O d5 7. c4 c6 8. cxd5
cxd5 9. f3 Nc6 10. fxe4 fxe4 11. e3 Bd6 12. Nc3 Be6 13. Nb5 Bb8 14. Qb3 Qd7 15.
Qa3 h5 16. Nb3 b6 17. Bd2 a6 18. Rac1 h4 19. Qa4 hxg3 20. Rxc6 gxh2+ 21. Kh1
O-O 22. Rxb6 Bh3 23. Rxb8 Raxb8 24. Nc3 Bxg2+ 25. Kxg2 Qg4+ 26. Kxh2 Qh4+ 27.
Kg2 Ng4 28. Rf4 Rxf4 29. Qe8+ Rxe8 30. exf4 Qh2+ 31. Kf1 31... Qf2# {
Hossa checkmated} 0-1